| 000 | 00637nmc a2200253 a 4500 | ||
|---|---|---|---|
| 003 | AR-BaBNM | ||
| 005 | 20251128211729.0 | ||
| 008 | 216020s2005 ||||||||||||||000 | spa|| | ||
| 020 | _a950-24-1148-X | ||
| 040 | _cAR-BaBNM | ||
| 100 | 1 | _aPapineau, Lucie | |
| 245 | 1 | 0 | _aPatatrás, el leopardo |
| 250 | _a1ª ed. | ||
| 260 |
_aBuenos Aires _bAlbatros _c2005 |
||
| 300 | 0 |
_a32 p. _bil. |
|
| 490 | 0 | _aLos amigos de Juana | |
| 650 | 4 | _aCUENTOS DE ANIMALES | |
| 650 | 4 | _aLIBROS PARA NINOS | |
| 650 | 4 | _aLITERATURA INFANTIL | |
| 655 | _aLITERATURA | ||
| 700 | 1 |
_aSarrazin, Marisol _eilustrador |
|
| 942 | _cBK | ||
| 998 | _cmartin | ||
| 999 |
_c20874 _d20874 |
||